[Event "Tourn. n8044"]
[Site "www.chess-mail.com"]
[Date "2015.03.15"]
[Round "1"]
[White "Samael"]
[Black "Maredocla"]
[WhiteElo "2090"]
[BlackElo "1970"]
[Result "0-1"]
[Round "1"]
1.e4 c5
2.Ng1f3 Nb8c6
3.Nb1c3 g6
4.d3 Bf8g7
5.Bc1d2 d6
6.Bf1e2 Bc8d7
7.O-O h6
8.a3 Nc6d4
9.Nf3xd4 Bg7xd4
10.Ra1b1 e6
11.Kh1 Qd8b6
12.f3 O-O-O
13.b3 Qb6c7
14.Nc3a2 g5
15.c3 Bd4g7
16.Bd2e3 Qc7a5
17.Qd1c1 Ng8e7
18.b4 Qa5c7
19.Qc1b2 cxb4
20.cxb4 Bg7xb2
{ resign }
0-1

[Event "Tourn. n8052"]
[Site "www.chess-mail.com"]
[Date "2015.03.15"]
[Round "1"]
[White "Passaroa25"]
[Black "Wildtiger"]
[WhiteElo "1450"]
[BlackElo "1219"]
[Result "0-1"]
[Round "1"]
1.e4 Nb8c6
2.c3 d5
3.d3 dxe4
4.dxe4 Qd8xd1
5.Kxd1 Bc8g4
6.Ng1e2 Ra8d8
7.Bc1d2 Nc6e5
8.f3 Ne5d3
9.Rh1g1 Bg4e6
10.Ne2c1 Nd3xb2
11.Kc2 Nb2a4
12.Nc1b3 f5
13.e5 Be6d7
14.Bf1d3 e6
15.Bd2c1 Bd7c6
16.Nb1a3 Ng8e7
17.Bd3b5 Rd8d5
18.Bb5xc6 Ne7xc6
19.Na3c4 b5
20.Nb3a5 Nc6xa5
21.Nc4xa5 Rd5xe5
22.Bc1d2 b4
23.Rg1e1 Re5xa5
24.cxb4 Ra5d5
25.Re1d1 c5
26.Kb3 Na4b6
27.bxc5 Rd5xc5
28.Bd2b4 Rc5d5
29.Bb4xf8 Rh8xf8
30.f4 Ke7
31.g3 Rf8d8
32.Rd1c1 a5
33.a4 Rd5d3
34.Rc1c3 Rd3xc3
35.Kxc3 h5
36.Ra1a2 Kf6
37.Ra2a3 g6
38.Kb3 g5
39.Ra3a2 Rd8d3
40.Kc2 Rd3f3
41.Kd2 Rf3f2
42.Ke3 Rf2xa2
43.fxg5 Kxg5
44.Kf3 Ra2xa4
45.h4 Kf6
46.Kg2 Ra4b4
47.Kh3 a4
48.Kg2 a3
{ resign }
0-1

[Event "Tourn. n8024"]
[Site "www.chess-mail.com"]
[Date "2015.03.15"]
[Round "1"]
[White "Badplayer"]
[Black "Pgcbies"]
[WhiteElo "2250"]
[BlackElo "2790"]
[Result "0-1"]
[Round "1"]
1.e4 e5
2.Ng1f3 Nb8c6
3.Bf1b5 a6
4.Bb5a4 Ng8f6
5.O-O b5
6.Ba4b3 Bf8e7
7.Rf1e1 O-O
8.c3 d5
9.exd5 Nf6xd5
10.Nf3xe5 Nc6xe5
11.Re1xe5 c6
12.d4 Be7d6
13.Re5e1 Qd8h4
14.g3 Qh4h3
15.Bb3xd5 cxd5
16.Qd1f3 Bc8f5
17.Qf3xd5 Ra8e8
18.Re1e3 Qh3h5
19.f3 Bd6xg3
20.hxg3 Qh5h3
21.g4 Bf5d3
22.Nb1a3 Qh3g3
23.Kh1 Re8xe3
24.Bc1xe3 Bd3e2
{ resign }
0-1

[Event "Tourn. n8029"]
[Site "www.chess-mail.com"]
[Date "2015.03.15"]
[Round "1"]
[White "Preacher59"]
[Black "Cardiff"]
[WhiteElo "2000"]
[BlackElo "1930"]
[Result "1/2-1/2"]
[Round "1"]
1.c4 e5
2.Nb1c3 Nb8c6
3.d3 Bf8b4
4.Bc1d2 Ng8f6
5.g3 O-O
6.Bf1g2 d6
7.Bd2g5 h6
8.Bg5xf6 Bb4xc3
9.bxc3 Qd8xf6
10.e3 Bc8d7
11.Ng1e2 Ra8b8
12.O-O Rf8e8
13.a4 a6
14.Ra1b1 b6
15.Qd1c2 Nc6e7
16.d4 Ne7g6
17.Rb1a1 Bd7g4
18.h3 Bg4xe2
19.Qc2xe2 exd4
20.cxd4 Qf6xd4
21.Bg2c6 Re8e7
22.Rf1d1 Qd4f6
23.a5 bxa5
24.Ra1xa5 Rb8b6
25.Bc6g2 Rb6b2
26.Qe2f1 Ng6e5
27.Rd1c1 Rb2b6
28.Rc1a1 Ne5c6
29.Bg2xc6 Rb6xc6
30.Ra5xa6 Rc6xa6
31.Ra1xa6 g6
32.Qf1d3 Qf6e5
33.Qd3d5 Qe5xd5
{ draw }
1/2-1/2

[Event "Match"]
[Site "www.echecsemail.com"]
[Date "2015.03.15"]
[Round "1"]
[White "Hyeena"]
[Black "Kollipaa"]
[WhiteElo "1359"]
[BlackElo "2030"]
[Result "0-1"]
[Round "1"]
1.b3 Ng8f6
2.Bc1b2 d6
3.e3 e5
4.d4 exd4
5.Bb2xd4 Bf8e7
6.Bd4xf6 Be7xf6
7.c3 O-O
8.b4 Nb8d7
9.Ng1e2 Rf8e8
10.Ne2f4 Nd7b6
11.Nb1a3 Bf6xc3
12.Ke2 Bc3xa1
 { time }
0-1

[Event "Match"]
[Site "www.echecsemail.com"]
[Date "2015.03.15"]
[Round "1"]
[White "Kesalon"]
[Black "Reanna"]
[WhiteElo "999"]
[BlackElo "1660"]
[Result "1-0"]
[Round "1"]
1.e4 e5
2.Ng1f3 Nb8c6
3.Bf1b5 Ng8f6
4.Nb1c3 Bf8c5
5.O-O O-O
6.Bb5xc6 dxc6
7.Nf3xe5 Bc5d6
8.Ne5f3 Rf8e8
9.d3 Nf6h5
10.Rf1e1 Qd8f6
11.d4 Bc8g4
12.Qd1d3 Nh5f4
13.Bc1xf4 Bd6xf4
14.e5 Qf6h6
15.g3 Bg4xf3
16.Qd3xf3 Bf4d2
17.Re1e2 Bd2c1
18.Ra1b1 Re8e6
19.Re2e1 Bc1d2
20.Re1e2 Bd2xc3
21.Qf3xc3 Ra8e8
22.Qc3a5 f6
23.Qa5xa7 fxe5
24.dxe5 Re6xe5
25.Re2xe5 Re8xe5
26.Qa7xb7 Re5e7
27.a4 Qh6d2
28.Qb7xc6 Re7e1
29.Rb1xe1 Qd2xe1
30.Kg2 h6
31.c3 Qe1e5
32.b4 Kh7
33.a5 h5
34.a6 h4
35.a7 h3
36.Kxh3 Qe5f5
37.Kg2 { resign }
1-0

[Event "Match"]
[Site "www.echecsemail.com"]
[Date "2015.03.15"]
[Round "1"]
[White "Udo"]
[Black "Gavroche"]
[WhiteElo "1550"]
[BlackElo "1790"]
[Result "0-1"]
[Round "1"]
1.e4 e5
2.h4 Ng8f6
3.Bf1d3 Bf8c5
4.Qd1e2 Nb8c6
5.c3 O-O
6.g4 d6
7.g5 Nf6g4
8.Ng1h3 Bc8e6
9.b4 Bc5b6
10.f3 Ng4f6
11.Nh3f2 Nf6h5
12.Rh1g1 Nh5f4
13.Qe2f1 a5
14.b5 Nc6e7
15.a3 Ne7g6
16.Rg1h1 c6
17.Nf2d1 Nf4xd3
18.Qf1xd3 Ng6f4
19.Qd3f1 d5
20.d3 cxb5
21.Bc1xf4 exf4
22.e5 d4
23.c4 bxc4
24.dxc4 Qd8c7
25.Qf1e2 Be6xc4
26.Qe2e4 Ra8e8
27.Kf2 d3
28.Kg2 Re8xe5
29.Qe4xf4 Re5e2
30.Kg3 Re2g2
31.Kxg2 Qc7xf4
32.Nd1c3 Bb6d4
33.Rh1h3 d2
34.Rh3h1 Rf8e8
35.a4 Re8e1
36.Nb1xd2 Qf4xd2
37.Kg3 Bd4e5
38.Kg4 Qd2g2
39.Kh5 Re1xh1
40.Ra1xh1 Qg2xf3
{ resign }
0-1

[Event "Match"]
[Site "www.echecsemail.com"]
[Date "2015.03.15"]
[Round "1"]
[White "Pare123"]
[Black "F14"]
[WhiteElo "1940"]
[BlackElo "1860"]
[Result "1-0"]
[Round "1"]
1.c4 e5
2.Nb1c3 Ng8f6
3.e4 Bf8b4
4.Nc3d5 Nf6xd5
5.exd5 O-O
6.a3 Bb4c5
7.d3 Qd8h4
8.g3 Qh4f6
9.Ng1f3 d6
10.Bf1g2 Bc8g4
11.h3 Bg4xf3
12.Bg2xf3 Rf8e8
13.O-O Nb8d7
14.Kg2 Qf6g6
15.Bf3e4 f5
16.Be4f3 e4
17.Bf3h5 Qg6f6
18.Bh5xe8 Ra8xe8
19.Ra1b1 exd3
20.Qd1xd3 Nd7e5
21.Qd3c2 a5
22.b4 axb4
23.axb4 Bc5b6
24.c5 dxc5
25.bxc5 Bb6a7
26.Rb1xb7 Ba7b8
27.c6 h6
28.Bc1b2 Qf6f7
29.Bb2xe5 Kh7
30.Be5f4 Qf7xd5
31.Kh2 Qd5a5
32.Rf1b1 Qa5a6
33.Qc2xf5 Kh8
34.Rb7xb8 Qa6xc6
35.Bf4xc7 { resign }
1-0

[Event "Match"]
[Site "www.echecsemail.com"]
[Date "2015.03.15"]
[Round "1"]
[White "Dominiquer"]
[Black "Reanna"]
[WhiteElo "1730"]
[BlackElo "1620"]
[Result "1-0"]
[Round "1"]
1.e4 e5
2.Ng1f3 Nb8c6
3.Bf1c4 Ng8h6
4.Nb1c3 Qd8f6
5.Nc3d5 Qf6d6
6.O-O Nh6g4
7.c3 Bf8e7
8.d4 exd4
9.cxd4 O-O
10.h3 Ng4f6
11.e5 Nc6xe5
12.dxe5 Qd6e6
13.exf6 Be7xf6
14.Nd5xf6 Qe6xf6
15.Bc1g5 Qf6xb2
16.Bg5e7 Rf8e8
17.Rf1e1 b5
18.Be7f6 Re8xe1
19.Qd1xe1 gxf6
20.Qe1e8 Kg7
21.Qe8xf7 Kh6
22.Bc4d3 Qb2xa1
23.Kh2 d6
24.Qf7xh7 
1-0

[Event "Match"]
[Site "www.echecsemail.com"]
[Date "2015.03.15"]
[Round "1"]
[White "Pablincho"]
[Black "Harrytheking"]
[WhiteElo "1800"]
[BlackElo "1730"]
[Result "1-0"]
[Round "1"]
1.e4 b6
2.f4 Bc8a6
3.Bf1xa6 Nb8xa6
4.Ng1f3 d6
5.a3 h6
6.O-O e6
7.d4 Ng8e7
8.c4 c6
9.Nb1c3 Ne7g6
10.b4 Bf8e7
11.Rf1e1 O-O
12.b5 cxb5
13.Nc3xb5 Na6c7
14.Qd1a4 Nc7xb5
15.cxb5 Qd8d7
16.Qa4b3 Rf8c8
17.a4 d5
18.e5 f6
19.h3 f5
20.Bc1a3 Ng6xf4
21.Qb3e3 Nf4g6
22.Ra1c1 Be7xa3
23.Qe3xa3 Ng6f4
24.Kh2 Rc8xc1
25.Re1xc1 a5
26.Rc1c6 Ra8b8
27.Qa3c3 Rb8b7
28.Nf3h4 Nf4e2
29.Qc3d2 Ne2xd4
30.Qd2xd4 Qd7f7
31.g4 f4
32.Qd4d3 Rb7b8
33.Kg2 g5
34.Nh4g6 Kg7
35.Qd3c2 f3
36.Kf2 d4
37.h4 gxh4
38.Ng6xh4 Qf7f4
39.Rc6c7 Kg8
40.Qc2h7 Kf8
41.Qh7h8 
1-0

[Event "Match"]
[Site "www.echecsemail.com"]
[Date "2015.03.15"]
[Round "1"]
[White "Ugarovesk"]
[Black "Pariolinius"]
[WhiteElo "1699"]
[BlackElo "1950"]
[Result "1-0"]
[Round "1"]
1.c4 Ng8f6
2.Nb1c3 Nb8c6
3.Ng1f3 d6
4.d4 g6
5.Bc1g5 Bf8g7
6.Qd1d2 O-O
7.e4 e6
8.Bf1d3 Nc6b4
9.Bd3b1 a5
10.a3 Nb4c6
11.h4 h6
12.Bg5xh6 Nf6g4
13.Bh6xg7 Kxg7
14.h5 Rf8h8
15.Bb1d3 Nc6e7
16.O-O-O Rh8xh5
17.Rh1xh5 gxh5
18.Qd2g5 Kf8
19.Rd1h1 Ne7g6
20.Qg5xd8 { resign }
1-0

[Event "Match"]
[Site "www.echecsemail.com"]
[Date "2015.03.15"]
[Round "1"]
[White "Xandersonx"]
[Black "Knitwit"]
[WhiteElo "1499"]
[BlackElo "1499"]
[Result "1-0"]
[Round "1"]
1.e4 d5
2.e5 e6
3.g3 Nb8c6
4.f4 Bf8c5
5.Ng1f3 Ng8h6
6.Bf1g2 a5
7.d4 Bc5b4
8.c3 Bb4e7
9.O-O O-O
10.h4 g6
11.Nf3h2 f5
12.h5 gxh5
13.Qd1xh5 Kg7
14.g4 Ra8a6
15.g5 Nh6g8
16.Kf2 b5
17.Rf1h1 Ng8f6
18.gxf6 Kg8
19.Nh2g4 a4
20.Qh5xh7 
1-0

[Event "Match"]
[Site "www.echecsemail.com"]
[Date "2015.03.15"]
[Round "1"]
[White "Hrob71"]
[Black "Karlgrocer"]
[WhiteElo "1659"]
[BlackElo "1930"]
[Result "1-0"]
[Round "1"]
1.e4 c5
2.Ng1f3 d6
3.d4 cxd4
4.Nf3xd4 Ng8f6
5.Nb1c3 e6
6.Bf1e2 Bf8e7
7.O-O O-O
8.f4 Nf6d7
9.Nd4b5 Nd7b6
10.Bc1e3 a6
11.Nb5d4 Bc8d7
12.Qd1d2 Bd7c6
13.Ra1d1 Qd8c7
14.Be2d3 d5
15.e5 Nb8d7
16.Qd2f2 Nd7c5
17.Nd4xc6 Qc7xc6
18.Kh1 Nc5xd3
19.cxd3 Nb6c8
20.Rd1c1 Qc6d7
21.d4 Nc8b6
22.b3 Ra8c8
23.g4 Rc8c6
24.Nc3e2 Rf8c8
25.Ne2g3 Be7a3
26.Rc1xc6 Rc8xc6
27.f5 Qd7c7
28.fxe6 Rc6xe6
29.Ng3h5 Ba3e7
30.Qf2xf7 { resign }
1-0

[Event "Match"]
[Site "www.echecsemail.com"]
[Date "2015.03.15"]
[Round "1"]
[White "Gavroche"]
[Black "Udo"]
[WhiteElo "1800"]
[BlackElo "1540"]
[Result "1-0"]
[Round "1"]
1.d4 a6
2.e4 b5
3.Ng1f3 c6
4.c4 h6
5.c5 d6
6.b4 Qd8c7
7.Bf1d3 g5
8.O-O f6
9.h3 g4
10.hxg4 Bc8xg4
11.Bc1f4 Nb8d7
12.Nb1d2 Qc7c8
13.Qd1b3 Bg4xf3
14.Nd2xf3 Qc8b7
15.e5 dxe5
16.dxe5 Bf8g7
17.exf6 Bg7xf6
18.Ra1d1 O-O-O
19.Bd3f5 e5
20.Bf4e3 Ng8e7
21.Qb3e6 Kb8
22.Rd1xd7 Rd8xd7
23.Qe6xf6 Rd7d8
24.Nf3xe5 Ne7d5
25.Qf6f7 Rh8f8
26.Qf7g6 Nd5xb4
27.Bf5e4 Rf8e8
28.Ne5xc6 Nb4xc6
29.Be4xc6 Qb7c8
30.Be3f4 Ka7
31.Qg6g7 Rd8d7
32.Bc6xd7 Qc8b7
33.c6 Qb7b8
34.Bd7xe8 { resign }
1-0

[Event "1/8 Finale"]
[Site "www.chess-mail.com"]
[Date "2015.03.15"]
[Round "1"]
[White "Asoka"]
[Black "Cobraxx7"]
[WhiteElo "2660"]
[BlackElo "2650"]
[Result "1/2-1/2"]
[Round "1"]
1.d4 f5
2.Ng1f3 Ng8f6
3.c4 d6
4.Nb1c3 g6
5.g3 Bf8g7
6.Bf1g2 O-O
7.O-O Nb8c6
8.Ra1b1 e5
9.d5 Nc6e7
10.Qd1b3 h6
11.Rf1d1 g5
12.Nf3d2 e4
13.Nd2f1 Nf6d7
14.Qb3c2 Nd7e5
15.b3 Ne7g6
16.Nc3b5 Bc8d7
17.Nb5d4 Qd8f6
18.Bc1b2 Ra8c8
19.Qc2d2 a6
20.Qd2b4 f4
21.Nd4e6 e3
22.Kh1 Bd7xe6
23.dxe6 Qf6f5
24.gxf4 gxf4
25.Bb2xe5 Bg7xe5
26.Qb4xb7 exf2
27.Nf1d2 Kh8
28.Nd2f3 Qf5xe6
29.Rd1f1 Be5c3
30.Rf1xf2 Bc3a5
31.Nf3d4 Qe6e5
32.Qb7e4 Ba5b6
33.Qe4xg6 Rf8f6
34.Qg6d3 Bb6xd4
35.Rf2f1 Rc8g8
36.Bg2d5 Rg8g4
37.Rb1d1 Bd4e3
38.Qd3e4 Qe5xe4
{ draw }
1/2-1/2

[Event "1/64 Finale"]
[Site "www.chess-mail.com"]
[Date "2015.03.15"]
[Round "1"]
[White "Picifarkinca"]
[Black "Pretorian"]
[WhiteElo "1900"]
[BlackElo "2600"]
[Result "0-1"]
[Round "1"]
1.Ng1f3 d5
2.g3 Ng8f6
3.Bf1g2 Bc8g4
4.d3 e6
5.O-O Bf8d6
6.h3 Bg4h5
7.Nb1d2 O-O
8.c4 c5
9.d4 Qd8c7
10.g4 Bh5g6
{ resign }
0-1

[Event "Eq:CONFOEDERATIONIS HELVETICAE-Angels of Checkmate : "]
[Site "www.chess-mail.com"]
[Date "2015.03.15"]
[Round "1"]
[White "Bigrezi"]
[Black "Korto"]
[WhiteElo "1750"]
[BlackElo "2440"]
[Result "0-1"]
[Round "1"]
1.e4 c5
2.Bf1c4 e6
3.Ng1f3 Nb8c6
4.Nb1c3 d6
5.d4 cxd4
6.Nf3xd4 Ng8f6
7.Bc1g5 Bf8e7
8.f4 h6
9.Bg5h4 Qd8b6
10.Nd4xc6 bxc6
11.e5 dxe5
12.fxe5 Qb6xb2
13.Nc3e2 Qb2b4
14.c3 Qb4xc4
15.exf6 Qc4xh4
16.g3 Qh4xf6
{ resign }
0-1

[Event "Tourn. n8125"]
[Site "www.chess-mail.com"]
[Date "2015.03.16"]
[Round "1"]
[White "Tomasseeber"]
[Black "Averoes"]
[WhiteElo "2210"]
[BlackElo "2140"]
[Result "0-1"]
[Round "1"]
1.Ng1f3 d5
2.h3 c5
3.d4 Nb8c6
4.Bc1f4 cxd4
5.Nf3xd4 Qd8b6
6.Nd4xc6 bxc6
7.Qd1c1 f6
8.e4 e5
9.Bf4g3 dxe4
10.Bf1c4 Ng8e7
11.O-O Ne7f5
12.Bg3h2 e3
13.Nb1c3 exf2
14.Kh1 Nf5e3
15.Bc4b3 Ne3xf1
16.Qc1xf1 Bc8a6
17.Bb3c4 Ba6xc4
18.Qf1xc4 O-O-O
19.Qc4e6 Kb8
{ resign }
0-1

[Event "Tourn. n7959"]
[Site "www.chess-mail.com"]
[Date "2015.03.16"]
[Round "1"]
[White "Osopanda"]
[Black "Generalfree"]
[WhiteElo "2000"]
[BlackElo "1800"]
[Result "0-1"]
[Round "1"]
1.c4 c5
2.Ng1f3 d6
3.d4 cxd4
4.Nf3xd4 e5
5.Nd4f3 f5
6.e4 f4
7.Nb1c3 a6
8.Bf1e2 h6
9.O-O g5
10.Nc3d5 Bc8e6
11.Qd1b3 Be6xd5
12.cxd5 g4
13.Nf3d2 Qd8d7
14.Rf1d1 b5
15.a4 bxa4
16.Ra1xa4 Rh8h7
17.Nd2c4 Ng8f6
18.f3 g3
19.Nc4b6 Qd7a7
20.Be2b5 Nf6d7
21.Bb5xd7 Nb8xd7
22.hxg3 Nd7xb6
23.Kh2 fxg3
24.Kxg3 Nb6xa4
25.Qb3xa4 Qa7d7
26.Qa4xd7 Rh7xd7
27.Rd1d3 Rd7g7
28.Kf2 Rg7g6
29.Bc1e3 Bf8e7
30.g4 Kd7
31.Rd3b3 Ke8
32.Ke2 Kf7
33.Rb3b7 Kf6
34.b4 a5
35.bxa5 Ra8xa5
36.Be3f2 Ra5a2
37.Kf1 Rg6g5
38.Bf2h4 Ra2h2
39.Bh4xg5 hxg5
40.Kg1 Rh2c2
41.f4 exf4
42.Rb7d7 Rc2e2
43.e5 Re2xe5
44.Kf2 Re5xd5
45.Rd7a7 Rd5c5
46.Kf3 Rc5c3
47.Ke4 Rc3g3
48.Kd5 Rg3xg4
49.Ke4 Ke6
50.Kf3 Rg4g3
51.Kf2 g4
52.Ra7a8 Be7h4
53.Ra8e8 Kd5
54.Re8h8 Rg3h3
55.Kg2 f3
56.Kg1 g3
57.Rh8h5 Ke4
{ resign }
0-1

[Event "Tourn. n8075"]
[Site "www.chess-mail.com"]
[Date "2015.03.16"]
[Round "1"]
[White "Cristero"]
[Black "Ff333"]
[WhiteElo "2120"]
[BlackElo "2050"]
[Result "1/2-1/2"]
[Round "1"]
1.e4 e5
2.Ng1f3 Nb8c6
3.d4 d5
4.exd5 Nc6xd4
5.Nf3xd4 exd4
6.Qd1xd4 Ng8f6
7.Nb1c3 c6
8.Bf1c4 cxd5
9.Nc3xd5 Nf6xd5
10.Qd4xd5 Qd8xd5
11.Bc4xd5 Bf8c5
12.O-O O-O
13.Bc1f4 a6
14.Rf1e1 Rf8d8
15.Ra1d1 Kf8
16.Bd5f3 Rd8xd1
17.Re1xd1 Bc8f5
18.c3 Ra8a7
19.Rd1d5 Bc5xf2
20.Kxf2 Bf5e6
21.Rd5d8 Ke7
22.Rd8b8 Be6xa2
23.Bf4e3 b6
24.Rb8b7 Ra7xb7
25.Bf3xb7 { draw }
1/2-1/2

[Event "Tourn. n8020"]
[Site "www.chess-mail.com"]
[Date "2015.03.16"]
[Round "1"]
[White "Osopanda"]
[Black "Faerieking"]
[WhiteElo "2100"]
[BlackElo "2260"]
[Result "0-1"]
[Round "1"]
1.c4 Ng8f6
2.d4 e6
3.Nb1c3 Bf8b4
4.f3 d5
5.e3 O-O
6.a3 Bb4e7
7.Bf1d3 c5
8.cxd5 exd5
9.Ng1e2 Nb8c6
10.dxc5 Be7xc5
11.Ne2d4 Rf8e8
12.Nc3e2 Qd8b6
13.b4 Bc5xd4
14.Ne2xd4 Nc6xd4
15.O-O Nd4f5
16.Rf1e1 Nf5xe3
17.Bc1xe3 Re8xe3
18.Re1xe3 Qb6xe3
19.Kh1 Bc8e6
20.Ra1c1 Ra8c8
21.Rc1xc8 Be6xc8
22.h3 Bc8e6
23.Qd1c2 g6
24.Bd3b5 a6
25.Bb5f1 Nf6h5
26.Kh2 Qe3f4
27.Kg1 Be6f5
28.Qc2c5 d4
29.Bf1c4 Nh5g3
30.Qc5e7 Qf4c1
31.Kh2 Qc1xc4
32.Qe7e8 Kg7
33.Qe8e5 f6
34.Qe5e7 Qc4f7
35.Qe7xf7 Kxf7
36.Kxg3 Ke6
37.Kf4 g5
38.Kg3 Kd5
39.Kf2 Kc4
40.Ke2 Bf5d3
41.Kd2 Bd3f1
{ resign }
0-1

[Event "Tourn. n8058"]
[Site "www.chess-mail.com"]
[Date "2015.03.16"]
[Round "1"]
[White "Cathar"]
[Black "Julian"]
[WhiteElo "2120"]
[BlackElo "2000"]
[Result "1-0"]
[Round "1"]
1.e4 c5
2.Nb1c3 d6
3.Ng1e2 Nb8c6
4.d4 cxd4
5.Ne2xd4 Ng8f6
6.Bf1c4 e6
7.Bc1e3 Bf8e7
8.Qd1e2 O-O
9.O-O-O a6
10.Rh1g1 Qd8c7
11.Bc4b3 Nc6xd4
12.Be3xd4 e5
13.Bd4e3 Bc8e6
14.g4 b5
15.g5 Nf6d7
16.Nc3d5 Be6xd5
17.Bb3xd5 Ra8c8
18.h4 Nd7b6
19.Be3xb6 Qc7xb6
20.g6 Be7f6
21.gxf7 Kh8
22.Rd1d3 b4
23.Rd3g3 a5
24.Rg3xg7 Bf6xg7
25.Qe2g4 Rc8xc2
26.Kxc2 Qb6xf2
27.Kb1 Qf2f6
28.Qg4d7 Qf6f2
29.Rg1c1 Qf2xh4
30.Qd7xd6 Rf8d8
31.Rc1g1 Qh4xe4
32.Ka1 Qe4xd5
33.f8Q { resign }
1-0

[Event "Tourn. n8026"]
[Site "www.chess-mail.com"]
[Date "2015.03.16"]
[Round "1"]
[White "Amu92"]
[Black "Krasin"]
[WhiteElo "2140"]
[BlackElo "2230"]
[Result "0-1"]
[Round "1"]
1.e4 e6
2.d4 d5
3.Nb1c3 Bf8b4
4.a3 Bb4xc3
5.bxc3 dxe4
6.Qd1g4 Ng8f6
7.Qg4xg7 Rh8g8
8.Qg7h6 Nb8c6
9.Bc1g5 Rg8g6
10.Qh6h4 Bc8d7
11.Ng1e2 h6
12.Bg5xh6 Rg6g4
13.Qh4h3 e5
14.Bh6d2 Qd8e7
15.Qh3h8 Rg4g8
16.Qh8h4 O-O-O
17.Bd2g5 Rg8xg5
18.Qh4xg5 Rd8g8
19.Qg5d2 exd4
20.cxd4 Nf6g4
 { time }
0-1

[Event "Tourn. n8133"]
[Site "www.chess-mail.com"]
[Date "2015.03.16"]
[Round "1"]
[White "Tomasseeber"]
[Black "Gorgo"]
[WhiteElo "2240"]
[BlackElo "2280"]
[Result "0-1"]
[Round "1"]
1.Ng1f3 Ng8f6
2.h3 d5
3.c4 e6
4.d4 c5
5.e3 cxd4
6.Nf3xd4 Nb8c6
7.Bf1e2 Bc8d7
8.O-O dxc4
9.Nd4b5 Qd8b8
10.Be2xc4 Bf8e7
11.b3 O-O
12.Bc1b2 a6
13.Nb5c3 Nc6e5
14.Bc4e2 b5
15.Nb1d2 Bd7c6
16.Nd2f3 Rf8d8
17.Nf3d4 Bc6b7
18.f4 Ne5c6
19.Nd4xc6 Rd8xd1
20.Nc6xb8 Rd1d2
21.Ra1b1 Ra8xb8
22.Be2f3 Bb7xf3
23.Rf1xf3 Rb8d8
24.a3 Rd8d3
25.e4 Rd3xf3
26.gxf3 Nf6h5
27.Bb2c1 Be7c5
28.Kf1 Rd2d3
{ resign }
0-1

[Event "Tourn. n8023"]
[Site "www.chess-mail.com"]
[Date "2015.03.16"]
[Round "1"]
[White "Amu92"]
[Black "Difficult"]
[WhiteElo "2140"]
[BlackElo "2020"]
[Result "0-1"]
[Round "1"]
1.Ng1f3 e6
2.g3 d5
3.Bf1g2 Ng8f6
4.d4 c5
5.c4 Nb8c6
6.cxd5 exd5
7.O-O h6
8.Nb1c3 Bf8e7
9.Bc1f4 a6
10.dxc5 Be7xc5
11.Ra1c1 Bc5a7
12.e3 O-O
 { time }
0-1

[Event "Tourn. n8033"]
[Site "www.chess-mail.com"]
[Date "2015.03.16"]
[Round "1"]
[White "Luban"]
[Black "Samael"]
[WhiteElo "2090"]
[BlackElo "2090"]
[Result "0-1"]
[Round "1"]
1.d4 d5
2.Ng1f3 e6
3.a3 a6
4.e3 Ng8f6
5.c4 Nb8c6
6.Nb1c3 Bf8e7
7.Bf1d3 dxc4
8.Bd3xc4 O-O
9.O-O Bc8d7
10.h3 h6
11.e4 Rf8e8
12.Bc1e3 Nf6h7
13.Qd1d2 Nh7g5
14.Nf3xg5 Be7xg5
15.Be3xg5 Qd8xg5
16.Qd2xg5 hxg5
17.Ra1d1 g6
18.Rf1e1 Kg7
19.d5 exd5
20.Nc3xd5 Ra8c8
21.Nd5b6 cxb6
22.Bc4xf7 Re8e7
23.Bf7a2 Rc8e8
24.b4 Bd7e6
25.Ba2xe6 Re7xe6
26.Rd1d7 Re8e7
27.Rd7xe7 Re6xe7
28.f3 Kf6
29.Re1d1 Nc6e5
30.Kf2 Re7d7
{ resign }
0-1

[Event "Tourn. n8063"]
[Site "www.chess-mail.com"]
[Date "2015.03.16"]
[Round "1"]
[White "Julian"]
[Black "Averoes"]
[WhiteElo "2000"]
[BlackElo "2170"]
[Result "0-1"]
[Round "1"]
1.e4 c5
2.Ng1f3 e6
3.e5 Nb8c6
4.c3 d6
5.d4 cxd4
6.cxd4 dxe5
7.Bf1b5 exd4
8.O-O Bf8c5
9.Rf1e1 Ng8e7
10.Bc1g5 O-O
11.Nb1d2 f6
12.Bg5h4 e5
13.Nd2e4 Bc5b4
14.Re1e2 Bc8f5
15.a3 Bb4a5
16.Ne4g3 Bf5g4
17.b4 Ba5c7
18.h3 Bg4xf3
19.gxf3 g5
20.Bh4xg5 fxg5
21.Qd1b3 Ne7d5
22.Bb5c4 Nc6e7
23.Ng3e4 h6
24.Ne4c5 Rf8f6
25.Nc5xb7 Qd8d7
26.Kh2 Ra8f8
27.Re2e4 Rf6xf3
28.Nb7c5 Qd7xh3
29.Kg1 Rf3xb3
30.Bc4xb3 Kh8
31.Bb3d1 Nd5f4
32.Re4xf4 gxf4
{ resign }
0-1

[Event "Tourn. n8021"]
[Site "www.chess-mail.com"]
[Date "2015.03.16"]
[Round "1"]
[White "Blackpool"]
[Black "Hundegana"]
[WhiteElo "1880"]
[BlackElo "1910"]
[Result "0-1"]
[Round "1"]
1.d4 Ng8f6
2.c4 c6
3.Nb1c3 g6
4.e4 d6
5.Bf1e2 Bf8g7
6.Bc1e3 O-O
7.Ng1f3 b6
8.O-O Qd8c7
9.Ra1c1 Rf8e8
10.d5 c5
11.Nc3b5 Qc7d8
12.Nb5c3 e6
13.h3 Kh8
14.Qd1d2 a6
15.Rf1d1 e5
16.Be3h6 Re8g8
17.Bh6xg7 Kxg7
18.Qd2e3 Nb8d7
19.a3 Ra8b8
20.b4 h6
21.Rc1b1 Kh7
22.Rd1c1 Rg8g7
23.bxc5 Nd7xc5
24.Rc1d1 Nf6h5
25.a4 f5
26.exf5 Bc8xf5
27.g4 Bf5xb1
28.Rd1xb1 Nh5f4
29.Kh2 Nf4xe2
30.Qe3xe2 Qd8f6
31.Kg2 Rg7f7
32.a5 b5
33.cxb5 axb5
34.Rb1xb5 Rb8xb5
35.Nc3xb5 e4
36.Nf3d4 Qf6g5
37.Nb5xd6 Rf7d7
38.Nd6xe4 Nc5xe4
39.Qe2xe4 Qg5xd5
40.Qe4xd5 Rd7xd5
41.Nd4c6 Rd5c5
{ resign }
0-1

[Event "Tourn. n7965"]
[Site "www.chess-mail.com"]
[Date "2015.03.16"]
[Round "1"]
[White "Liencam2"]
[Black "Osopanda"]
[WhiteElo "2240"]
[BlackElo "2020"]
[Result "1-0"]
[Round "1"]
1.e4 c5
2.Nb1c3 d6
3.Ng1f3 Ng8f6
4.d4 cxd4
5.Nf3xd4 a6
6.Bf1e2 e5
7.Nd4b3 Bc8e6
8.Bc1g5 Bf8e7
9.Qd1d2 Nb8d7
10.h3 O-O
11.O-O-O b5
12.Be2g4 Ra8c8
13.Kb1 Be6xg4
14.hxg4 Nf6xg4
15.Bg5xe7 Qd8xe7
16.f3 Ng4h6
17.Nc3d5 Qe7e6
18.g4 Kh8
19.g5 Nh6g8
20.Rh1h4 h6
21.f4 exf4
22.Nd5xf4 Qe6xe4
23.Rd1e1 Qe4h7
24.Re1g1 Nd7e5
25.Nb3d4 Ne5c4
26.Qd2f2 Nc4e5
27.Nf4h3 Ne5g6
28.gxh6 gxh6
29.Rh4h5 f5
30.Nh3g5 Qh7e7
31.Ng5e6 Rf8f6
32.Rg1e1 f4
33.Nd4f5 Rf6xe6
34.Nf5xe7 Re6xe1
35.Qf2xe1 Ng6xe7
36.Qe1e6 Rc8c4
37.Qe6xd6 Rc4e4
38.Kc1 f3
39.Rh5h2 Re4e2
40.Qd6d4 Kh7
41.Rh2xe2 fxe2
42.Qd4e4 Kg7
43.Kd2 Ne7g6
44.Kxe2 Ng8f6
45.Qe4b7 Kg8
46.Qb7xa6 Kf7
47.Qa6xb5 { resign }
1-0

[Event "Tourn. n8025"]
[Site "www.chess-mail.com"]
[Date "2015.03.16"]
[Round "1"]
[White "Roserl"]
[Black "Fabos12"]
[WhiteElo "1950"]
[BlackElo "1900"]
[Result "0-1"]
[Round "1"]
1.e4 g6
2.d4 Bf8g7
3.Nb1c3 d6
4.f4 Ng8f6
5.Ng1f3 Bc8g4
6.Bf1e2 O-O
7.O-O h5
8.h3 Bg4d7
9.Bc1e3 Nf6e8
10.Qd1d2 f5
11.e5 Nb8c6
12.d5 Nc6b8
13.e6 Bd7c8
14.Nc3d1 Ne8f6
15.Nf3g5 c6
16.c4 c5
17.Nd1c3 Nf6h7
18.Ng5f7 Qd8e8
19.Nc3b5 Nb8a6
20.a3 Rf8xf7
21.exf7 Qe8xf7
22.Ra1b1 Nh7f6
23.Be2d3 Bc8d7
24.Nb5c3 Ra8b8
25.Nc3b5 { time. }
0-1

[Event "Tourn. n8123"]
[Site "www.chess-mail.com"]
[Date "2015.03.16"]
[Round "1"]
[White "Cathar"]
[Black "Rons"]
[WhiteElo "2230"]
[BlackElo "2560"]
[Result "0-1"]
[Round "1"]
1.d4 Ng8f6
2.c4 e6
3.Ng1f3 b6
4.g3 Bc8a6
5.Qd1c2 Ba6b7
6.Bf1g2 c5
7.d5 exd5
8.cxd5 Nf6xd5
9.O-O Bf8e7
10.Rf1d1 Qd8c8
11.a3 Nd5f6
12.Bc1g5 d5
13.Nf3d4 Nb8c6
14.Nd4f5 Nc6d4
15.Nf5xd4 cxd4
16.Qc2a4 Qc8c6
17.Qa4xd4 h6
18.Bg5e3 O-O
19.Nb1c3 Rf8d8
20.b4 Nf6e4
{ resign }
0-1

[Event "Tourn. n8002"]
[Site "www.chess-mail.com"]
[Date "2015.03.16"]
[Round "1"]
[White "Samael"]
[Black "Osopanda"]
[WhiteElo "2090"]
[BlackElo "2020"]
[Result "1-0"]
[Round "1"]
1.Nb1c3 d5
2.d4 c6
3.e3 Ng8f6
4.Ng1f3 g6
5.Bf1e2 Bf8g7
6.O-O O-O
7.a3 Bc8f5
8.Rf1e1 Nb8d7
9.h3 Rf8e8
10.Nf3h4 Bf5e6
11.Nh4f3 h6
12.Bc1d2 Nf6e4
13.Nc3xe4 dxe4
14.Nf3h2 c5
15.c3 cxd4
16.exd4 Be6d5
17.c4 Bd5e6
18.d5 Nd7e5
19.dxe6 fxe6
20.Bd2c3 Qd8c7
21.Qd1c2 Ne5d3
22.Be2xd3 exd3
23.Qc2xd3 Bg7xc3
24.Qd3xc3 e5
25.Re1xe5 e6
26.Ra1e1 Qc7d6
27.Nh2g4 Re8e7
28.Ng4xh6 Kh7
29.Qc3e3 Ra8f8
30.Nh6g4 Kg8
31.Qe3h6 Re7g7
32.Re5xe6 Qd6d4
33.Re6xg6 Rf8f4
34.Rg6xg7 Qd4xg7
35.Qh6xf4 Qg7xb2
36.Re1e8 { resign }
1-0

[Event "Tourn. n8111"]
[Site "www.chess-mail.com"]
[Date "2015.03.16"]
[Round "1"]
[White "Gorgo"]
[Black "Dany2005"]
[WhiteElo "2230"]
[BlackElo "2130"]
[Result "1-0"]
[Round "1"]
1.c4 e6
2.Nb1c3 d5
3.d4 Bf8e7
4.cxd5 exd5
5.Bc1f4 c6
6.e3 Qd8b6
7.a3 Ng8f6
8.Bf1d3 O-O
9.Qd1c2 Bc8g4
10.h3 Bg4h5
11.Ng1f3 Nb8d7
12.Nf3e5 Rf8d8
13.g4 Bh5g6
14.Ne5xg6 hxg6
15.Nc3a4 Qb6a5
16.b4 { resign }
1-0